| 000 | nam a22 7a 4500 | ||
|---|---|---|---|
| 999 |
_c126491 _d126491 |
||
| 008 | 170524b xxu||||| |||| 00| 0 eng d | ||
| 020 | _a9780143117933 | ||
| 050 | _aPZ4.C183 T71 2010 | ||
| 100 |
_aCamilleri, Andrea _931008 |
||
| 245 |
_aThe track of sand _cAndrea Camilleri, translated by Stephen Sartarelli |
||
| 260 |
_aNew York _bPenguin Books _c2010 |
||
| 300 |
_a263p, ; _c20cm. |
||
| 440 |
_aAn Inspector Montalbano Mystery _931006 |
||
| 942 |
_2lcc _cMONOGRAPH |
||